000
00194 a2200097 4500
020
_a
078073003990
041
_a
spa
100
_a
Robinson,Fay
245
_a
Un Dinosaurio llamado Sue
942
_c
BK
999
_c
15289
_d
15289